| 000 | 01314cab a2200217 4500 | ||
|---|---|---|---|
| 001 | X2187 | ||
| 008 | 090401t1995 xxu||||| |||| 00| 0 eng d | ||
| 035 | _a(Sirsi) u22418 | ||
| 041 | _aeng | ||
| 245 | _aSouth Ribble BC and Taylor | ||
| 260 | _c1995 | ||
| 350 | _a0 | ||
| 490 |
_aPlanning Appeal Decisions _v(1995) 10 PAD 24-37 |
||
| 520 | _a19 July 1994. Enforcement notice - change of use to processing, bottling and distribution depot for milk and fruit juices - whether notice failed to state the breach of planning control - whether capable of being corrected - whether bottling etc took place before 1983 - importation of milk - pasteurisation - activities neither de minimis nor ancillary - appropriate planning unit - whether intensification - defective notice - not correctable without injustice - void for uncertainty - costs - whether unreasonable to rely on notice which was a nullity - whether unreasonable to apply law wrongly to agreed evidence - appellant not required to argue notice a nullity after service but before inquiry - Council`s conduct unreasonable in several respects. (Headnote from journal). | ||
| 650 | _aCHANGE OF USE | ||
| 650 | _aENFORCEMENT NOTICE | ||
| 650 | _aPLANNING CONTROLS | ||
| 690 | _aPLANNING LAW AND PRACTICE-CASE LAW | ||
| 942 | _n0 | ||
| 948 | _c04/03/1997 | ||
| 999 |
_c15018 _d15018 |
||